Hacia un nuevo amanecer : Estudio Socioreligioso del departamento de Sucre / Berna Salcedo, Editor (Registro nro. 43166)
[ vista simple ]
| 000 -LÍDER | |
|---|---|
| Campo fijo de descripción fija | 004510000a22001210004500 |
| 001 - NÚMERO DE CONTROL | |
| Campo de control | 14274 |
| 041 0# - CÓDIGO DE IDIOMA | |
| Código de idioma para texto/pista de sonido o título separado | |
| 082 04 - NÚMERO DE CLASIFICACIÓN DECIMAL DEWEY | |
| Número de clasificación | AV 0350 |
| 245 10 - TÍTULO | |
| Título del Material | Hacia un nuevo amanecer : Estudio Socioreligioso del departamento de Sucre / Berna Salcedo, Editor |
| 300 ## - DESCRIPCIÓN FÍSICA | |
| Extensión | 40 Pág. |
| 505 00 - NOTA DE CONTENIDO | |
| Nota de contenido con formato preestablecido | - Introducción - La tarea de la iglesia en Sucre - Realidades de Sucre - El avance de la iglesia - Estado de la cosecha - Conclusiones: ¿Hacia dónde vamos? |
| 942 ## - TIPO DE MATERIAL (KOHA) | |
| Tipo de Item KOHA | Libros General |
| Estado de Material | Estado de Perdido | Estado de Dañado | No para Préstamo | Colección | Tomo | Biblioteca de Origen | Biblioteca Permanente | Fecha de Adquisición | Total de Préstamos | Signatura Topográfica | Código de Barras | Última vez visto | Ejemplar/Existencia | Fecha de Remplazo | Tipo de Material |
|---|---|---|---|---|---|---|---|---|---|---|---|---|---|---|---|
| Colección Folletos | Biblioteca FUSBC | Biblioteca FUSBC | 27/04/2007 | AV 0350 | 15742 | 12/12/2019 | 1 | 26/01/2016 | Documentos Archivo Vertical |
